03333nab a2200301 i 4500003000900000005001700009008004100026040001800067072000800085100001700093100003800110100002800148100004000176100003900216245014000255500007700395520108400472520107901556650002702635650001102662650001802673650001202691650001902703773021502722856006702937942000803004999001903012BR-BrBNA20250715130707.0250715b2021 bl.tr|pooa||| 00| 0 por | aBR-BrBNAbpor aP40 aVanz, Argeu  aRodrigues, Maria Laura Guimaraes  aBoll, Matias Guilherme  aAraújo, Carlos Eduardo Salles de  aGarbossa, Luis Hamilton Pospissil  aPrincipais Eventos de Inundação Costeira na Costa de Santa Catarina Registrados pela Rede Maregráfica da Epagri entre 2012 e 2020 a Publicação online; 13 ref.; 3 illus.; 2 tables; Summaries (En, Pt) a Resumo – O objetivo deste trabalho foi caracterizar os quatro principais eventos de inundação costeira ocorridos na Costa Catarinense no período 2012 a 2020, associando os dados registrados na rede maregráfica da Epagri aos sistemas atmosféricos atuantes no período. Os eventos ocorreram nos meses de outono, inverno e primavera e apresentaram características similares. Os valores mais altos de maré registrados estão entre 2,0 e 2,5m. Uma diferença encontrada entre os eventos foi o número de inundações costeiras, que variou de 1 a 4 inundações/evento. Foi observado que ciclones extratropicais, situados mais ao sul do Uruguai, provocaram 4 a 5 inundações/evento, enquanto ciclones extratropicais situados entre o Uruguai e o Rio Grande do Sul, entre 1 e 2. Considerando 42 inundações, verificou-se que o percentual de maré acima da prevista ficou entre 30-50%, 51-70%, 71-90% e >90%, em 12 ,16, 13 e 1 episódios, respectivamente. Termos para indexação: Maré; Inundação; Santa Catarina; Ciclones a Abstract – The main objectve of this work was to characterize four main coastal fl ooding events that occurred on the coast of Santa Catarina, Brazil between 2012 and 2020 and associate them with occurring acti ve atmospheric systems, as well as data recorded in Epagri’s tidal network. All the fl ooding events took place in the Fall, Winter or Spring, presenting similar characteristics. The highest recorded tide values varied between 2.0 - 2.5m. What differed from one event to another was the number of coastal flood/event, ranging from 1 to 4. It was observed that extratropical cyclones located further South, in Uruguay, caused 4 and 5 fl oods per event, while extratropical cyclones located closer to Santa Catarina, between Uruguay and Rio Grande do Sul, 1 and 2. Considering 42 high inundations, it was found that the ti de percentage above the forecast ti de ranged between 30-50%, 51-70%, 71-90% and >90%, in 12, 16, 13 and 1 episodes, respectively. Index terms: Tide; Coastal flooding; Santa Catarina; Cyclones aCONDIÇÃO AMBIENTAL aMARÉ aINUNDAÇÃO aCICLONE aSANTA CATARINA0 018139317205dFlorianópolis-SC Empresa de Pesquisa Agropecuária e Extensão Rural de Santa Catarina 1988-o2024-3829tAgropecuária Catarinense (Brazil)x0103-0779gv. 34(3) p. 23-26/ (2021)wBR2025003997 uhttps://publicacoes.epagri.sc.gov.br/rac/article/view/827/1215 cANA c333329d333329